Welcome to the Holygrace Academy Library

Please use search bar below to get started

SENIOR SECONDARY SCHOOL MATHEMATICS FOR CLASS-XI (Record no. 8542)

MARC details
000 -LEADER
fixed length control field 00412nam a22001337a 4500
020 ## - INTERNATIONAL STANDARD BOOK NUMBER
ISBN 978-93-5027-147-6
082 ## - DEWEY DECIMAL CLASSIFICATION NUMBER
Classification number 510
Item number AGA/M
100 ## - MAIN ENTRY--AUTHOR NAME
Personal name AGGARWAL,R. S
245 ## - TITLE STATEMENT
Title SENIOR SECONDARY SCHOOL MATHEMATICS FOR CLASS-XI
246 ## - VARYING FORM OF TITLE
Title proper/short title SENIOR SECONDARY SCHOOL MATHEMATICS FOR CLASS-XI
Remainder of title SENIOR SECONDARY SCHOOL MATHEMATICS FOR CLASS-XI
260 ## - PUBLICATION, DISTRIBUTION, ETC. (IMPRINT)
Place of publication NEW DELHI
Name of publisher BHARATI BHAWAN
Year of publication 2018
300 ## - PHYSICAL DESCRIPTION
Number of Pages 1150
942 ## - ADDED ENTRY ELEMENTS (KOHA)
Koha item type Books
Holdings
Withdrawn status Lost status Collection code Home library Current library Shelving location Date acquired Source of acquisition Cost, normal purchase price Full call number Accession Number Koha item type
    Reference Main Library Main Library SHELF-13-A XI MATHS 24/10/2019 PURCHASED 555.00 510 AGA/M 11644 Books